| 000 | 01134nam a2200277 i 4500 | ||
|---|---|---|---|
| 001 | bg | ||
| 003 | BPK | ||
| 005 | 20200424135038.0 | ||
| 008 | 990421s1984 pl a f f |000 0 pol | ||
| 015 | _aPB 1984/1615 | ||
| 040 |
_aWA N _cBPK |
||
| 080 | _a69.05 | ||
| 080 | _a(075.8) | ||
| 245 | 0 | 0 |
_aOrganizacja i planowanie budowy : _bpraca zbiorowa. _nT. 3, _pPrzykłady i materiały do ćwiczeń / _cKazimierz Maksymilian Jaworski, Andrzej Minasowicz ; pod kier. Władysława Lenkiewicza. |
| 260 |
_aWarszawa ; _aŁódź : _bWydawnictwa Politechniki Warszawskiej, _c1984. |
||
| 300 |
_a127 s., [1] k. tabl. : _brys., wykr. ; _c24 cm. |
||
| 504 | _aBibliogr. s. 126-127. | ||
| 650 | 4 |
_aBudownictwo _xorganizacja. |
|
| 655 | 4 | _aPodręczniki akademickie | |
| 700 | 1 |
_aLankiewicz, Władysław. _eRed. |
|
| 700 | 1 |
_aMinasowicz, Andrzej. _eAutor |
|
| 700 | 1 |
_aJaworski, Kazimierz Maksymilian _d(1943-2007) _eAutor |
|
| 710 | 2 |
_aWydawnictwa Politechniki Warszawskiej _4pbl. |
|
| 856 |
_uhttp://koha.tu.koszalin.pl/cgi-bin/koha/opac-detail.pl?biblionumber=836 _yKatalog online BPK |
||
| 942 |
_2UKD _cKS |
||
| 999 |
_c836 _d836 |
||